Twenty years of international co-operation in the monetary sphere 1938-1958

Kaydedildi:
Detaylı Bibliyografya
Yazar: Auboin, Roger
Materyal Türü: Kitap
Dil:Undetermined
Baskı/Yayın Bilgisi: New York Basle 1958
Konular:
Etiketler: Etiketle
Etiket eklenmemiş, İlk siz ekleyin!
Thư viện lưu trữ: Trung tâm Học liệu Trường Đại học Cần Thơ
LEADER 00501nam a2200181Ia 4500
001 CTU_82251
008 210402s9999 xx 000 0 und d
082 |a 332.4 
082 |b A894 
100 |a Auboin, Roger 
245 0 |a Twenty years of international co-operation in the monetary sphere 1938-1958 
245 0 |c Roger Auboin 
260 |a New York 
260 |b Basle 
260 |c 1958 
650 |a Currency 
904 |i Trọng Hải 
980 |a Trung tâm Học liệu Trường Đại học Cần Thơ